000 00496nam a22001817a 4500
003 BD-ChCU
005 20251204100241.0
008 251204b bg ||||| |||| 00| 0 ben d
040 _cBD-ChCU
082 _a330.9 STC
100 _aStamp, L, Dudley.
_917470
245 _aChisholms handbook of commercial geography, //
_cL. Dudley Stamp.
250 _a8th ed.
260 _aLondon.
_bLongmans.
_c1966
300 _axiii, 918p
650 0 _aGeography, Commercial.
_917473
942 _2ddc
_cBK
_n0
999 _c110122
_d110122